Understanding motor development : infants, children, adolescents, adults (Record no. 36754)

MARC details
000 -LEADER
fixed length control field 00499nam a2200169Ia 4500
020 ## - INTERNATIONAL STANDARD BOOK NUMBER
ISBN 9780072353662
050 ## - CALL MARK
Classification number RJ 133 .G35/
100 ## - STATEMENT OF RESPONSIBILITY--MAIN AUTHOR NAME
Personal name Gallahue, David L.
245 #0 - TITLE STATEMENT
Title Understanding motor development : infants, children, adolescents, adults
250 ## - EDITION / VOLUME STATEMENT
Edition / Volume statement 5th ed.
260 ## - PUBLICATION, DISTRIBUTION, ETC. (IMPRINT)
Year of publication 2002
300 ## - PHYSICAL DESCRIPTION
Number of Pages 492 p
650 ## - SUBJECT ADDED ENTRY--TOPICAL TERM
Topical Term Motor ability in children. Motor ability. Physical education for children.
942 ## - ADDED ENTRY ELEMENTS (KOHA)
Koha item type Books
Holdings
Withdrawn status Lost status Source of classification or shelving scheme Damaged status Not for loan Permanent Location Current Location Shelving location Date acquired Accession Number Price effective from Koha item type
    Library of Congress Classification     NILE UNIVERSITY OF NIGERIA - MAIN LIBRARY NILE UNIVERSITY OF NIGERIA - MAIN LIBRARY Items on shelf 04/23/2025 0192452 04/23/2025 Books